Communicating for results / (Record no. 493)
[ view plain ]
| 000 -LEADER | |
|---|---|
| fixed length control field | 01526cam a2200265 a 4500 |
| 001 - CONTROL NUMBER | |
| control field | 1142970 |
| 005 - DATE AND TIME OF LATEST TRANSACTION | |
| control field | 20210414113911.0 |
| 008 - FIXED-LENGTH DATA ELEMENTS--GENERAL INFORMATION | |
| fixed length control field | 950405s1996 mnua 001 0 eng |
| 010 ## - LIBRARY OF CONGRESS CONTROL NUMBER | |
| LC control number | 95016235 |
| 020 ## - INTERNATIONAL STANDARD BOOK NUMBER | |
| International Standard Book Number | 1561183636 |
| 040 ## - CATALOGING SOURCE | |
| Original cataloging agency | DLC |
| Transcribing agency | DLC |
| Modifying agency | DLC |
| 050 00 - LIBRARY OF CONGRESS CALL NUMBER | |
| Classification number | HD30.3.F78 |
| 082 00 - DEWEY DECIMAL CLASSIFICATION NUMBER | |
| Classification number | 658.4/5 |
| Edition number | 20 |
| 100 1# - MAIN ENTRY--PERSONAL NAME | |
| Personal name | Fruehling, Rosemary T., |
| Dates associated with a name | 1933- |
| 245 10 - TITLE STATEMENT | |
| Title | Communicating for results / |
| Statement of responsibility, etc. | Rosemary T. Fruehling, Joan M. LaCombe. |
| 260 ## - PUBLICATION, DISTRIBUTION, ETC. | |
| Place of publication, distribution, etc. | St. Paul, MN : |
| Name of publisher, distributor, etc. | EMC Paradigm, |
| Date of publication, distribution, etc. | c1996. |
| 300 ## - PHYSICAL DESCRIPTION | |
| Extent | xi, 511 p. : |
| Other physical details | ill. (some col.) ; |
| Dimensions | 24 cm. |
| 500 ## - GENERAL NOTE | |
| General note | Includes index. |
| 505 ## - FORMATTED CONTENTS NOTE | |
| Formatted contents note | Contents: Communcation is the sum of many parts -- Uncovering the psychology of business communication -- Communicate for results -- Listening for results -- Listening with a purpose -- Communicate for results -- Preparing presentations -- Communicate for results speaking checklist -- Reading for results -- Reading actively -- Reading wirh a purpose -- Communicate for results reading checklist -- Writing as a process - Writing with style -- Formatting for function and effectiveness -- Writing to inform -- Writing to request -- Writing to respond --Writing to sell -- Writing to report -- Communicate for results the RRTWRP Process -- Appendix -- Glossary. |
| 650 #0 - SUBJECT ADDED ENTRY--TOPICAL TERM | |
| Topical term or geographic name entry element | Communication in management. |
| 700 1# - ADDED ENTRY--PERSONAL NAME | |
| Personal name | Lacombe, Joan McCoola. |
| 906 ## - LOCAL DATA ELEMENT F, LDF (RLIN) | |
| a | 7 |
| b | cbc |
| c | orignew |
| d | 1 |
| e | ocip |
| f | 19 |
| g | y-gencatlg |
| 942 ## - ADDED ENTRY ELEMENTS (KOHA) | |
| Source of classification or shelving scheme | Library of Congress Classification |
| Koha item type | Books |
| Withdrawn status | Lost status | Source of classification or shelving scheme | Damaged status | Not for loan | Home library | Current library | Shelving location | Date acquired | Total Checkouts | Full call number | Barcode | Date last seen | Price effective from | Koha item type |
|---|---|---|---|---|---|---|---|---|---|---|---|---|---|---|
| Library of Congress Classification | WISCONSIN INTERNATIONAL UNIVERSITY COLLEGE, GHANA - MAIN LIBRARY | WISCONSIN INTERNATIONAL UNIVERSITY COLLEGE, GHANA - MAIN LIBRARY | General Stacks | 26/01/2012 | HD30.3 .F78 | 1170/11 | 26/01/2012 | 26/01/2012 | Books | |||||
| Library of Congress Classification | WISCONSIN INTERNATIONAL UNIVERSITY COLLEGE, GHANA - MAIN LIBRARY | WISCONSIN INTERNATIONAL UNIVERSITY COLLEGE, GHANA - MAIN LIBRARY | General Stacks | 26/01/2012 | HD30.3 .F781 | 1171/11 | 26/01/2012 | 26/01/2012 | Computer Files | |||||
| Library of Congress Classification | WISCONSIN INTERNATIONAL UNIVERSITY COLLEGE, GHANA - MAIN LIBRARY | WISCONSIN INTERNATIONAL UNIVERSITY COLLEGE, GHANA - MAIN LIBRARY | General Stacks | 26/01/2012 | HD30.3 .F782 | 1172/11 | 26/01/2012 | 26/01/2012 | Books | |||||
| Library of Congress Classification | WISCONSIN INTERNATIONAL UNIVERSITY COLLEGE, GHANA - MAIN LIBRARY | WISCONSIN INTERNATIONAL UNIVERSITY COLLEGE, GHANA - MAIN LIBRARY | General Stacks | 26/01/2012 | HD30.3 .F783 | 1173/11 | 26/01/2012 | 26/01/2012 | Books | |||||
| Library of Congress Classification | WISCONSIN INTERNATIONAL UNIVERSITY COLLEGE, GHANA - MAIN LIBRARY | WISCONSIN INTERNATIONAL UNIVERSITY COLLEGE, GHANA - MAIN LIBRARY | General Stacks | 26/01/2012 | HD30.3 .F784 | 1174/11 | 26/01/2012 | 26/01/2012 | Books |
